000 00316nam a2200133Ia 4500
008 150201s2012 xx 000 0 und d
082 _a610.72
_bN12Y
100 _aYADAV, MANOJ KUMAR
245 _aTB. OF NURSING RESEARSH
260 _bLOTUS PUB.
_c2012
300 _a340
650 _aRESEARCH
942 _2ddc
_cBK
_010
999 _c2444
_d2444